000
00309nam a22001337a 4500
020
_a
978-81-7525-975-1
082
_a
825
_b
KUR/L
100
_a
KURUP,K . NARAYANA
245
_a
LADIES AND GENTLEMEN
260
_a
ERNAKULAM
_b
VANITY PUBLISHERS
_c
2009
300
_a
412
650
_a
SPEECHES
_z
KERALA
942
_c
BK
999
_c
3657
_d
3657